Hillier Parker rent index. - February 1998 - November 1998 (Record no. 96999)

MARC details
000 -LEADER
fixed length control field 00711cam a2200277 4500
001 - CONTROL NUMBER
control field J90540
008 - FIXED-LENGTH DATA ELEMENTS--GENERAL INFORMATION
fixed length control field 090401t1998 xxu||||| |||| 00| 0 eng d
035 ## - SYSTEM CONTROL NUMBER
System control number (Sirsi) u85004
041 ## - LANGUAGE CODE
Language code of text/sound track or separate title eng
050 ## - LIBRARY OF CONGRESS CALL NUMBER
Classification number 333.337016
110 ## - MAIN ENTRY--CORPORATE NAME
Corporate name or jurisdiction name as entry element Hillier Parker
9 (RLIN) 2054
245 ## - TITLE STATEMENT
Title Hillier Parker rent index. - February 1998 - November 1998
260 ## - PUBLICATION, DISTRIBUTION, ETC.
Place of publication, distribution, etc. London
Name of publisher, distributor, etc. Hillier Parker
Date of publication, distribution, etc. 1998
300 ## - PHYSICAL DESCRIPTION
Extent 4 pt. ; 30cm.
350 ## - PRICE (NR) (BK AM CF MU VM SE) [OBSOLETE]
Price 15
650 ## - SUBJECT ADDED ENTRY--TOPICAL TERM
Topical term or geographic name entry element HILLIER PARKER RENT INDEX
650 ## - SUBJECT ADDED ENTRY--TOPICAL TERM
Topical term or geographic name entry element INDICES
650 ## - SUBJECT ADDED ENTRY--TOPICAL TERM
Topical term or geographic name entry element INDUSTRIAL PROPERTY
650 ## - SUBJECT ADDED ENTRY--TOPICAL TERM
Topical term or geographic name entry element OFFICES
650 ## - SUBJECT ADDED ENTRY--TOPICAL TERM
Topical term or geographic name entry element RENTS
650 ## - SUBJECT ADDED ENTRY--TOPICAL TERM
Topical term or geographic name entry element SHOPS
690 ## - LOCAL SUBJECT ADDED ENTRY--TOPICAL TERM (OCLC, RLIN)
Topical term or geographic name as entry element PROPERTY-COMMERCIAL PROPERTY
710 ## - ADDED ENTRY--CORPORATE NAME
Corporate name or jurisdiction name as entry element CB Hillier Parker
9 (RLIN) 3660
942 ## - ADDED ENTRY ELEMENTS (KOHA)
Suppress in OPAC 0
948 ## - LOCAL PROCESSING INFORMATION (OCLC); SERIES PART DESIGNATOR (RLIN)
c (OCLC) 18/03/1998
Holdings
Withdrawn status Lost status Source of classification or shelving scheme Damaged status Not for loan Home library Current library Shelving location Date acquired Cost, normal purchase price Total Checkouts Full call number Barcode Date last seen Date last checked out Copy number Cost, replacement price Price effective from Koha item type
    Dewey Decimal Classification     London London Property market reports 14/09/1999 15.00 1 PROPERTY MARKET REPORTS 30055161 06/08/2019 22/09/1999 1 15.00 06/08/2019 Book
    Dewey Decimal Classification     London London Property market reports 14/09/1999 15.00   PROPERTY MARKET REPORTS 30055162 06/08/2019   2 15.00 06/08/2019 Reference material
    Dewey Decimal Classification     London London Property market reports 14/09/1999 15.00   PROPERTY MARKET REPORTS 30055658 06/08/2019   3 15.00 06/08/2019 Reference material
    Dewey Decimal Classification     London London Property market reports 14/09/1999 15.00   PROPERTY MARKET REPORTS 30055659 06/08/2019   4 15.00 06/08/2019 Book
    Dewey Decimal Classification     London London Property market reports 14/09/1999 15.00   PROPERTY MARKET REPORTS 30056073 06/08/2019   5 15.00 06/08/2019 Reference material
    Dewey Decimal Classification     London London Property market reports 14/09/1999 15.00 1 PROPERTY MARKET REPORTS 30056074 06/08/2019 27/10/1999 6 15.00 06/08/2019 Book
    Dewey Decimal Classification     London London Property market reports 14/09/1999 15.00   PROPERTY MARKET REPORTS 30056963 06/08/2019   7 15.00 06/08/2019 Reference material
    Dewey Decimal Classification     London London Property market reports 14/09/1999 15.00 1 PROPERTY MARKET REPORTS 30056964 06/08/2019 15/09/1999 8 15.00 06/08/2019 Book